Atajos hacia el humanismo cívico / (Registro nro. 5194)

Detalles MARC
000 -LEADER
fixed length control field 02644nam a2200325Ia 4500
003 - CONTROL NUMBER IDENTIFIER
control field OSt
005 - DATE AND TIME OF LATEST TRANSACTION
control field 20200304165101.0
008 - FIXED-LENGTH DATA ELEMENTS--GENERAL INFORMATION
fixed length control field 191128s2016 ck fr 000 0 spa d
020 ## - INTERNATIONAL STANDARD BOOK NUMBER
International Standard Book Number 9789588866239
040 ## - CATALOGING SOURCE
Original cataloging agency CO-JMCR
Transcribing agency CO-JMCR
041 0# - LANGUAGE CODE
Language code of text/sound track or separate title spa
082 04 - DEWEY DECIMAL CLASSIFICATION NUMBER
Classification number 144 /
Item number G643a
Edition number 23
100 1# - MAIN ENTRY--PERSONAL NAME
Personal name González Camargo, Javier,
Relator term compilador
9 (RLIN) 1174
245 10 - TITLE STATEMENT
Title Atajos hacia el humanismo cívico /
Statement of responsibility, etc. Javier González Camargo ; autores Jorge Orlando García, Gustavo Ponce Montesinos, Wilmar Javier Medina [y otros 9]
250 ## - EDITION STATEMENT
Edition statement Primera edición
260 ## - PUBLICATION, DISTRIBUTION, ETC.
Place of publication, distribution, etc. Bogotá :
Name of publisher, distributor, etc. Universidad Sergio Arboleda,
Date of publication, distribution, etc. 2016
300 ## - PHYSICAL DESCRIPTION
Extent 159 páginas ;
Dimensions 24 cm
490 0# - SERIES STATEMENT
Series statement Interés general. Filosofía
500 ## - GENERAL NOTE
General note Incluye notas a pie de página.
504 ## - BIBLIOGRAPHY, ETC. NOTE
Bibliography, etc. note Bibliografía al final de cada capítulo.
505 0# - FORMATTED CONTENTS NOTE
Formatted contents note ¿De qué humanismo estamos hablando? -- La concordia social, una vía para la paz desde la perspectiva de San Agustín -- Las comunidades de amistad como fuente auténtica de poder -- Las mujeres y el humanismo cívico. Cuidar la fragilidad -- Claves para una empresa humanista -- La esperanza pedagógica -- La universidad y el cultivo de concepciones y criterios de justificación racional -- Apuntes para construir ciudadanía. El papel de la argumentación en el debate público -- Se necesitan ciudadanos partícipes en la sociedad de la información -- Ley natural, cristianismo y razón pública. Una reflexión sobre le catolicismo y sus problemas comunicativos con la cultural actual.
520 ## - SUMMARY, ETC.
Summary, etc. Con este libro de consulta se cierra un ciclo de diez años de investigación filosófica del proyecto Humanismo Cívico. El humanismo cívico es un largo camino en el que, como todo postulado de filosofía política, las palabras se entretejen con muchísima más celeridad y holganza que las acciones concertadas de los hombre libres. Pues bien, como buenos latinoamericanos, junto con 10 miembros de la Red Humanismo Cívico que han contribuido con este pequeño proyecto, hemos querido abrir atajos para llegar por caminos tal vez más arduos, pero tal vez más cortos, por lo que el grato discurrir literario y el difícil ejercicio práctico conducen conjuntamente a una meta muy clara: la revitalización y el empoderamiento de la ciudadanía en el seno de las democracias occidentales.
650 14 - SUBJECT ADDED ENTRY--TOPICAL TERM
Topical term or geographic name entry element Humanismo
9 (RLIN) 1175
650 14 - SUBJECT ADDED ENTRY--TOPICAL TERM
Topical term or geographic name entry element Ciudadanía
General subdivision investigaciones
9 (RLIN) 1176
650 14 - SUBJECT ADDED ENTRY--TOPICAL TERM
Topical term or geographic name entry element Humanismo
General subdivision fundamentos
9 (RLIN) 1177
700 1# - ADDED ENTRY--PERSONAL NAME
Personal name García, Jorge Orlando,
Dates associated with a name
Relator term autor
9 (RLIN) 1178
700 1# - ADDED ENTRY--PERSONAL NAME
Personal name Ponce Montesinos, Gustavo,
Relator term autor
9 (RLIN) 1179
700 1# - ADDED ENTRY--PERSONAL NAME
Personal name Medina, Wilmar Javier,
Relator term autor
9 (RLIN) 1180
942 ## - ADDED ENTRY ELEMENTS (KOHA)
Source of classification or shelving scheme Dewey Decimal Classification
Koha item type Books
Existencias
Withdrawn status Lost status Source of classification or shelving scheme Damaged status Not for loan Collection code Home library Current library Date acquired Source of acquisition Cost, normal purchase price Total Checkouts Full call number Barcode Date last seen Date last checked out Copy number Price effective from Koha item type
    Dewey Decimal Classification     Non-fiction Biblioteca Pública José María del Castillo y Rada Biblioteca Pública José María del Castillo y Rada 04/15/2018 Donación 0.00 2 144 / G643a 430001444 07/08/2025 07/07/2025 Ej.1 11/28/2019 Books